LIBRARY & INFORMATION CENTRE, KCAET, TAVANUR

ONLINE PUBLIC ACCESS CATALOGUE (OPAC)

Engineering mathematics, Vol 1 / (Record no. 687)

MARC details
000 -LEADER
fixed length control field 00680cam a2200277ua 4500
020 ## - INTERNATIONAL STANDARD BOOK NUMBER
ISBN 81 203 0804 1
041 ## - LANGUAGE CODE
Language code of text/sound track or separate title eng
082 ## - DEWEY DECIMAL CLASSIFICATION NUMBER
Classification number 518
Item number SAS/EN
100 ## - MAIN ENTRY--AUTHOR NAME
Personal name Sashtry, S S.
245 ## - TITLE STATEMENT
Title Engineering mathematics, Vol 1 /
250 ## - EDITION STATEMENT
Edition statement 2 /
260 ## - PUBLICATION, DISTRIBUTION, ETC. (IMPRINT)
Place of publication New Delhi :
Name of publisher Prentice Hall of India Pvt Ltd. ,
Year of publication 1994.
300 ## - PHYSICAL DESCRIPTION
Number of Pages 630 ; .
500 ## - GENERAL NOTE
General note *CSS
700 1# - ADDED ENTRY--PERSONAL NAME
Personal name Krishnan, S .
942 ## - ADDED ENTRY ELEMENTS (KOHA)
Koha item type Books
Holdings
Withdrawn status Lost status Damaged status Home library Current library Date acquired Cost, normal purchase price Full call number Accession Number Koha item type Shelving location
Withdrawn     KAUAET KAUAET 07/04/2012 5.00 519.062 SAS/EN 7783 Books  
      KAUAET KAUAET 07/04/2012   519.062 SAS/EN 18683 Book Bank scheme for SC students Scheme
      KAUAET KAUAET 07/04/2012   519.062 SAS/EN 18937 Book Bank scheme for SC students Scheme
      KAUAET KAUAET 07/04/2012   519.062 SAS/EN 21505 Books  
      KAUAET KAUAET 07/04/2012   519.062 SAS/EN 18692 Books  
      KAUAET KAUAET 25/07/2018   519.062 SAS/EN 18936 Book Bank scheme for SC students Scheme
      KAUAET KAUAET 25/07/2018   519.062 SAS/EN 18486 Book Bank scheme for SC students Scheme
free website counter